000 00321nam a2200133Ia 4500
008 231129s1968||||xx |||||||||||||| ||spa||
040 _bspa
082 _aCo863 T124p
100 _aTafur Humberto
245 0 _aLa paz de los carteles: cuentos
260 _c1968
264 _aImprenta Departamental
942 _2ddc
_cBKS
999 _c17883
_d17883